000 00521nam a2200205Ia 4500
003 OSt
005 20230613113459.0
008 210423s2008 xx 000 0 und d
020 _a9780415428644
040 _cAL
041 _aeng
082 _a571.994
_223
_b KHAN
100 _aKHAN (Naveed Ahmed).
_999830
245 _aEmerging protozoan pathogens.
260 _aNew Delhi
_bTaylor & Francis
_c2008
300 _axvi,510
_bHB
365 _cINR
906 _aEmerging ; pathogens. ; protozoan
942 _2ddc
_cBK
999 _c163794
_d163794